000 01256cam a22003737a 4500
003 CHAP
005 20220817041514.0
008 971013s1985 r 00010 d
010 _a16414
011 _a17386
035 _a21469
040 _cCHAP
090 _aFolleto 8182
100 0 0 _aGuzmán M., Rafael.
_951979
245 1 0 _aProtección e investigación al habitat de Zea diploperennis
_c/por Rafael Guzmán M.
260 _aGuadalajara, Jal., :
_bUniversidad de Guadalajara,
_c1985.
300 _a40 p.
_b: ilus
410 2 1 _aUniversidad de Guadalajara
490 0 _aDocumentos científicos
500 _ac.4 en bodega
590 _aBATCH-UPD
_b10
_c20130110
_lUCH01
_h0934
590 _aBATCH-UPD
_b10
_c20130410
_lUCH01
_h0552
590 _aBATCH-UPD
_b10
_c20130914
_lUCH01
_h1606
590 _aCONVERSION
_b10
_c20130109
_lUCH01
_h1310
650 1 4 _aMaíz
_xVariedades.
_971081
650 1 4 _aZea diploperennis.
_9123841
810 2 1 _aUniversidad de Guadalajara
830 0 _aDocumentos científicos
_933258
901 _aBK
942 _cFOLL
949 _aFolleto 8182
_bBC
_cFOLL
_d21469
_eTS2
_fc.3
_i21469
_sb
949 _aFolleto 8182
_bBC
_cFOLL
_d214691
_eTS1
_i21469
_mD
_si
949 _aFolleto 8182
_bBC
_cFOLL
_d214692
_eTS2
_fc.2
_i21469
_sb
999 _c16414
_d16414